| 000 | 00469nam a22001697a 4500 | ||
|---|---|---|---|
| 003 | BD-DhUL | ||
| 005 | 20171122122031.0 | ||
| 008 | 171122s1307 ir ||||| |||| 00| 0 per d | ||
| 040 |
_aBD-DhUL _cBD-DhUL |
||
| 082 |
_a891.551 _bWAK |
||
| 100 | 0 | _aوحشی | |
| 245 | 0 |
_aخلد برین و مسمطات / _cوحشی |
|
| 260 |
_aطھران : _bمطبعه بر ادر، _c۔۱۳۰۷ |
||
| 300 |
_aص۔ ۸۰ _c۱۶ سم۔ |
||
| 650 | 0 | _aPersian poetry | |
| 942 |
_2ddc _cBK |
||
| 999 |
_c232356 _d232356 |
||